04453njm a2200625Ia 4500001000600000003000900006005001700015008004100032040001300073040001300086041001300099100001100112100001800123100003800141245002400179250001100203260001100214260006200225300001700287300003000304500007900334505064700413511003601060650006301096700009001159700010601249700007101355700005901426700008601485700008901571700007401660700009501734700008901829700007701918700010101995700008402096700007202180700009802252700007202350700008602422700009702508700008802605700010002693700008302793700010002876700007902976700009603055700008103151700010503232700007103337700008303408700009203491700014503583700009903728B9857IT-RoPAU20220918181114.0131025s9999 xx 000 0 und d aIT-RoPAU cIT-RoPAU aITALIANO aAA.VV. eAutore musica gCodice autore musica SPICS: 12000 a36° Zecchino d'oro a1a ed. aITALIA bEMI ITALIANAc1993 [1a Ed.:1993 - Ed. Lingua Orig.: 1993] aCOMPACT DISC c45 minuti (Testo: 0 pag.) aCanzoni pre bambini. Canzoni presentate al trentaseiesimo Zecchino d'Oro.  aIl coccodrillo come fa? (4:00) - Mami papi [(Jansen Luise) (4:00)] - La nonna di Beethoven [(Carluccio Michele) (4:00)] - Gli angeli di Notre Dame [(Cruc Maximilien) (3:00)] - Mamma che stress [(Fabbri Marina) (3:00)] - Balalaika [(Gousseva Klara) (3:00)] - Pesciolino rosso [(Signorile Serena) (4:00)] - La barchetta di carta [(Nacinovich Alba) (4:00)] - I tre pagliacci [(Catanzaro Marco) (4:00)] - Tango matto [(Fideleff Lucia) (3:00)] - Si gira un film [(Plancher Cristina) (4:00)] - Minnie [(Spiteri Jacqueline) (4:00)] - Il dialetto dell'amore [(Zobec Ilenia) (3:00)] - Vulcani di qui... vulcani di là… [(Piripi Mihiarangi) (4:00)] aCoro dell'Antoniano di Bologna. aCANZONI BAMBINI [COMPACT DISC]eCodice MATERIA SPICS: 9949 aMassara P.dCodice autore musica SPICS: 10361eAutore musicapIl coccodrillo come fa? aAvogadro OscardCodice autore testo/musica SPICS: 21687eAutore testo/musicapIl coccodrillo come fa? aAzuzedCodice autore musica SPICS: 10363eAutore musicapMami papi aRapettidCodice autore SPICS: 14325eAutorepMami papi aKunze M.dCodice autore testo/musica SPICS: 21693eAutore testo/musicapMami papi aMartelli A.dCodice autore musica SPICS: 10512eAutore musicapLa nonna di Beethoven aCastellanodCodice autore SPICS: 8314eAutorepLa nonna di Beethoven aPipolodCodice autore testo/musica SPICS: 8203eAutore testo/musicapLa nonna di Beethoven aWhite C.dCodice autore musica SPICS: 23013eAutore musicapGli angeli di Notre Dame aRolland J.dCodice autore SPICS: 10747eAutorepGli angeli di Notre Dame aRossi F.dCodice autore testo/musica SPICS: 35101eAutore testo/musicapGli angeli di Notre Dame aMercurio V.dCodice autore musica SPICS: 26679eAutore musicapMamma che stress aMartucci TonydCodice autore SPICS: 26076eAutorepMamma che stress aDi Stefano E.dCodice autore testo/musica SPICS: 10802eAutore testo/musicapMamma che stress aAnonimodCodice autore musica SPICS: 2620eAutore musicapBalalaika aTesta A.dCodice autore testo/musica SPICS: 10807eAutore testo/musicapBalalaika aBigarelli A.dCodice autore testo/musica SPICS: 10816eAutore testo/musicapPesciolino rosso aBenussi V.dCodice autore musica SPICS: 10863eAutore musicapLa barchetta di carta aBenussi B.dCodice autore testo/musica SPICS: 10966eAutore testo/musicapLa barchetta di carta aPerrotin J.dCodice autore musica SPICS: 11444eAutore musicapI tre pagliacci aTuminelli SandrodCodice autore testo/musica SPICS: 25258eAutore testo/musicapI tre pagliacci aPescador P.dCodice autore musica SPICS: 11592eAutore musicapTango matto aCalabrese GiorgiodCodice autore testo/musica SPICS: 1368eAutore testo/musicapTango matto aPareti R.dCodice autore musica SPICS: 14344eAutore musicapSi gira un film aSessa Vitali VittoriodCodice autore testo/musica SPICS: 26086eAutore testo/musicapSi gira un film aGalea S.dCodice autore musica SPICS: 39928eAutore musicapMinnie aTesta C.dCodice autore testo/musica SPICS: 39929eAutore testo/musicapMinnie aAprile NicoladCodice autore musica SPICS: 29498eAutore musicapIl dialetto dell'amore aBeretta LucianodCodice autore testo/musica SPICS: 13864eAutore testo/musicapIl dialetto dell'amore - Vulcani di qui... vulcani di là… aMacmerdCodice autore musica SPICS: 35108eAutore musicapVulcani di qui... vulcani di là…